Organización económica internacional /

Contiene: Origen y fundamentos de la organización económica internacional; Teoría del comercio internacional; Comercio y globalización; Comercio y medio ambiente; Desarrollo; Organizaciones internacionales de comercio y desarrollo; La organización mundial del comercio, la UNTACD, la OCDE; Organizaci...

Descrición completa

Gardado en:
Detalles Bibliográficos
Autor Principal: Calvo Hornero, Antonia (autor)
Formato: Libro
Idioma:Lingua castelá
Publicado: Madrid, España : Centro de Estudios Ramón Areces, 2001, c2001
Temas:
Etiquetas: Engadir etiqueta
Sen Etiquetas, Sexa o primeiro en etiquetar este rexistro!

MARC

LEADER 00000nam^a2200000^a^4500
001 000136359
005 20250521000000.0
009 20260310095315.756
020 |a 84-8004-497-7 
037 |a Acervo ITESO - Biblioteca 
041 |a ESP 
082 |a 337.  |b CAL 
100 |a Calvo Hornero, Antonia  |e (autor) 
245 1 0 |a Organización económica internacional /  |c A. Calvo Hornero ; pról. de Manuel Varela. 
264 4 |a Madrid, España :  |b Centro de Estudios Ramón Areces,  |c 2001, c2001 
300 |a XXIX, 322 p. 
336 |a texto  |b txt  |2 rdacontenido 
337 |a sin mediación  |b n  |2 rdamedio 
338 |a volumen  |b nc  |2 rdasoporte 
520 |a Contiene: Origen y fundamentos de la organización económica internacional; Teoría del comercio internacional; Comercio y globalización; Comercio y medio ambiente; Desarrollo; Organizaciones internacionales de comercio y desarrollo; La organización mundial del comercio, la UNTACD, la OCDE; Organización monetaria y financiera, el grupo del Banco Mundial; El Fondo Monetario Internacional; Bancos regionales de desarrollo e instituciones financieras multilaterales, sistemas monetarios y acuerdos de cambio; Inversiones internacionales; Mercados financieros internacionales y crisis financieras. Se incluyen recuadros y abreviaturas necesarias. 
610 |a Organización Mundial de Comercio 
610 |a OCDE 
610 |a Banco Interamericano de Desarrollo 
610 |a Banco Mundial 
610 |a Fondo Monetario Internacional 
649 |a XX 
650 |a UNTACD 
650 |a Organizaciones Internacionales 
650 |a Cooperación Internacional 
650 |a Sistema Monetario 
650 |a Mercado Cambiario 
650 |a Crisis Económica 
650 |a Tratados Internacionales 
650 |a Globalización 
650 |a Comercio Internacional 
650 |a Economía Internacional 
910 |a Fondo General 
920 |a Impresos - Libros 
930 |a Colección General 
905 |a 101 
901 |a 0500065156  |b IT1  |c ACC  |u 20250521 
902 |a https://opac.biblio.iteso.mx/vufind/Record/000136359